000 00993nam a2200181Ia 4500
008 090124s9999 xx 000 0 und d
082 _b124633
100 _aव्हटकर अशोक
245 _a जगज्जेता(जग पादाक्रांत करण्याच्या ईषेने निघालेल्या सिकंदराची अलौकिक गा
250 _a1
260 _c1991
300 _a384
600 _aव्हटकर अशोक
630 _a जगज्जेता(जग पादाक्रांत करण्याच्या ईषेने निघालेल्या सिकंदराची अलौकिक गा
700 _aव्हटकर अशोक
730 _a जगज्जेता(जग पादाक्रांत करण्याच्या ईषेने निघालेल्या सिकंदराची अलौकिक गा
942 _cBOOK
999 _c170720
_d170720